| 000 | 00388nam a2200157Ia 4500 | ||
|---|---|---|---|
| 008 | 230524s9999 xx 000 0 und d | ||
| 082 |
_a621.382 _bGAU |
||
| 100 | _aR.K.Gaur | ||
| 245 | 0 | _aDigital Electronics and Microcomputers | |
| 250 | _a4TH | ||
| 260 |
_aNEW DELHI _bDhanpat Rai _c2006 |
||
| 300 | _aXII;394 | ||
| 500 | _aQuantity Number: 29 | ||
| 650 | _aElectronics | ||
| 942 | _cBK | ||
| 999 |
_c7562 _d7562 |
||